| 000 | 01126nam a2200289 i 4500 | ||
|---|---|---|---|
| 001 | 187226 | ||
| 003 | SpMaBN | ||
| 005 | 20250811071522.0 | ||
| 008 | 170516r19891950sp |||| | spa d | ||
| 020 | _a84-7787-057-8 | ||
| 080 | _a343.919 | ||
| 100 | 1 |
_aJiménez de Asúa, Luis, _d1889-1970 _966491 |
|
| 245 | 1 | 0 |
_aCrónica del crimen / _cLuis Jiménez de Asúa ; [presentación, Enrique Múgica Herzog]. |
| 250 | _aEd. facsímil. | ||
| 260 |
_aMadrid : _bMinisterio de Justicia, Centro de Publicaciones, _c1989. |
||
| 300 |
_aXI, 310 p. ; _c25 cm. |
||
| 490 | 1 |
_aBiblioteca jurídica de autores cubanos y extranjeros ; _v144 |
|
| 534 |
_pReprod. facs. de la ed. de: _cLa Habana : Jesús Montero, 1950, _b- 4ª ed. corregida y notablemente ampliada. |
||
| 650 | 7 |
_aCrimen y criminales. _911417 |
|
| 655 | 7 |
_2tgfbne _9226495 _aFacsímiles |
|
| 700 | 1 |
_aMugica Herzog, Enrique. _984064 |
|
| 710 | 1 |
_aEspaña. _bMinisterio de Justicia _93895 |
|
| 830 | 0 |
_aBiblioteca jurídica de autores cubanos y extranjeros ; _v144 _9225540 |
|
| 852 |
_aES-MaACL _jL-31570 |
||
| 942 | _2udc | ||
| 999 |
_c187226 _d187226 |
||